Dalva de Barros 80 anos / (Record no. 1572)
[ view plain ]
| 000 -LÍDER | |
|---|---|
| Campo Fixo de Controle | 01182nam a2200265 a 4500 |
| 001 - NÚMERO DE CONTROLE | |
| Campo de Controle | 1572 |
| 003 - IDENTIFICAÇÃO DO NÚMERO DE CONTROLE | |
| Campo de Controle | BR-CuiBMT |
| 005 - DATA E HORA DA ÚLTIMA ATUALIZAÇÃO | |
| Campo de Controle | 20231215220651.0 |
| 008 - DADOS FIXOS | |
| Dados Fixos | 231215s2016 mtba 000 0 por d |
| 020 ## - INTERNATIONAL STANDARD BOOK NUMBER | |
| Nº do ISBN | 9788579920912 |
| 040 ## - AGÊNCIA CATALOGADORA | |
| Código da Agência Catalogadora | BR-CuiBMT |
| Agência que transcreveu o registro | BR-CuiBMT |
| 080 ## - Nº DA CLASSIFICAÇÃO DECIMAL UNIVERSAL | |
| Nº edição CDU | 2007 |
| Nº Class. CDU | 73 |
| 090 ## - NÚMERO DE CHAMADA | |
| Nº classificação | 73 |
| Cutter | D152 |
| 245 1# - TÍTULO PRINCIPAL | |
| Título principal | Dalva de Barros 80 anos / |
| Indicação de responsabilidade | [Adir Sodré ... et al., artistas convidados ; Gervane de Paula, curadoria]. |
| 246 ## - FORMAS VARIANTES DO TÍTULO | |
| Título principal | Dalva de Barros, oitenta anos. |
| 260 ## - PUBLICAÇÃO, DISTRIBUIÇÃO, ETC. | |
| Local de publicação | Cuiabá : |
| Editora | Entrelinhas, |
| Data | 2016. |
| 300 ## - DESCRIÇÃO FÍSICA | |
| N. páginas ou volumes | 61 p. : |
| Ilustrações | principalmente il. color. ; |
| Dimensões | 23 cm |
| 500 ## - NOTAS GERAIS | |
| Notas gerais | Catálogo da exposição realizada em Cuiabá, Galeria de Arte Lava Pés, de 29 de outubro de 2015 a 30 de março de 2016; em Rondonópolis - MT, Espaço Cultural Casario, de 20 de abril a 7 de maio de 2016 e em Primavera do Leste - MT, Secretaria Municipal de Cultura, de 12 de maio a 4 de junho de 2016. |
| 600 ## - ASSUNTO -- NOME PESSOAL | |
| Nome pessoal | Barros, Dalva de, |
| Datas associadas ao nome | 1935- |
| Subdivisão geral | exposições |
| 650 ## - ASSUNTO TÓPICO | |
| Cabeçalho tópico ou nome geográfico | Pintura brasileira |
| Subdivisão geral | exposições |
| Subdivisão cronológica | séc. XX |
| 650 ## - ASSUNTO TÓPICO | |
| Cabeçalho tópico ou nome geográfico | Pintura brasileira |
| Subdivisão geral | exposições |
| Subdivisão cronológica | séc. XXI |
| 700 ## - ENTRADA SECUNDÁRIA -- NOME PESSOAL | |
| Nome pessoal | Sodré, Adir. |
| Cód. do termo explicativo | ...et al. |
| 700 ## - ENTRADA SECUNDÁRIA -- NOME PESSOAL | |
| Cód. do termo explicativo | curadoria |
| Nome pessoal | Paula, Gervane de, |
| Datas associadas ao nome | 1962- |
| 942 ## - ELEMENTOS DE ENTRADA ADICIONAIS (KOHA) | |
| Fonte de classificação ou esquema de arquivamento | Classificação Decimal Universal |
| Tipo de item do Koha | Livros |
| Estado: removido | Estado: perdido | Fonte de classificação ou esquema de arquivamento | Estado: danificado | Indisponível para empréstimo | Localização permanente | Localização atual | Data de aquisição | Total Checkouts | Número de Chamada completo | Código de barras | Date last seen | Número do exemplar | Preço efetivo a partir de | Tipo de item (Koha) |
|---|---|---|---|---|---|---|---|---|---|---|---|---|---|---|
| Classificação Decimal Universal | Biblioteca da Escola Superior de Contas do TCE/MT | Biblioteca da Escola Superior de Contas do TCE/MT | 15/12/2023 | 73 D152 | BIBTCEMT23120603 | 15/12/2023 | Ex. 1 | 15/12/2023 | Livros |